000 00803cam a22002413a 4500
001 29119
003 PGUSA
005 20140828083629.0
008 090614s2009||||xxu|||||s|||||000 | eng d
040 _aPGUSA
_beng
042 _adc
050 4 _aPS
100 1 _aGarland, Hamlin,
_d1860-1940
245 1 0 _aThey of the High Trails
_h[electronic resource] /
_cHamlin Garland
260 _bProject Gutenberg,
_c2009
505 0 _aThe grub-staker -- The cow-boss -- The remittance man -- The lonesome man -- The trail tramp -- The prospector -- The outlaw -- The leaser -- The forest ranger.
506 _aPublic domain in the USA.
516 _aElectronic text
653 _aWestern stories
830 0 _aProject Gutenberg
_v29119
856 4 0 _uhttp://www.gutenberg.org/ebooks/29119
942 _cEB
999 _c258374
_d258374